000 00718nam a2200241Ia 4500
003 OSt
005 20220608113312.0
008 210716s1998 xx 000 0 und d
020 _a8173710783
040 _cAIMIT LIBRARY
041 _aeng
082 _a658.3124
_21
_bBOYT
100 _aBoydell, Tom.
_941056
245 _aIdentifying training needs /
_cBy Tom Boydell and Malcolm Leary.
250 _a1st ed.
260 _aNew Delhi :
_bUniversities Press ,
_c1998.
300 _a202p. ;
_c22.5 cm
650 _aComparing data
_941057
650 _aFocusing on group needs
_941058
650 _aFocusing on individual needs
_941059
700 _aLeary, Malcolm.
_941060
942 _2ddc
_cBK
_e1st
_k658.3124 BOYT
999 _c198889
_d198889